Κατάλογος Βιβλιοθηκών Mediterranean College

Το Μήνυμα του Μέσου / Η Έκρηξη της Μαζικής Επικοινωνίας (Record no. 2369)

MARC details
000 -LEADER
fixed length control field 02801cam a22003254a 4500
005 - ΗΜΕΡΟΜΗΝΙΑ ΚΑΙ ΩΡΑ ΤΕΛΕΥΤΑΙΑΣ ΕΝΗΜΕΡΩΣΗΣ
Πεδίο ελέγχου 20250605164039.0
008 - FIXED-LENGTH DATA ELEMENTS--GENERAL INFORMATION
Πεδίο ελέγχου σταθερού μήκους 250528s ||||||||||||||||||||||||d
035 ## - SYSTEM CONTROL NUMBER
System control number 16924
020 ## - ISBN
ISBN 9602210095
040 ## - ΠΗΓΗ ΚΑΤΑΛΟΓΟΓΡΑΦΗΣΗΣ
Φορέας πρωτότυπης καταλογογράφησης MC Athens Campus Library
Γλώσσα καταλογογράφησης Ελληνικά, Μοντέρνα (1453-)
Modifying agency MC Athens Campus Library
Κανόνες περιγραφικής καταλογογράφησης AACR2
245 1# - ΤΙΤΛΟΣ ΚΑΙ ΔΗΛΩΣΗ ΥΠΕΥΘΥΝΟΤΗΤΑΣ
Τίτλος Το Μήνυμα του Μέσου / Η Έκρηξη της Μαζικής Επικοινωνίας
250 ## - EDITION STATEMENT
Edition statement
260 ## - PUBLICATION, DISTRIBUTION, ETC.
Name of publisher, distributor, etc. Αλεξάνδρεια,
Date of publication, distribution, etc. 1990
300 ## - PHYSICAL DESCRIPTION
Extent 278
520 ## - SUMMARY, ETC.
Summary, etc. Ένα ευρύ φάσμα προσεγγίσεων, από την Αμερικάνική κοινωνιολογική έρευνα ως τη Γερμανική κριτική θεωρία και από την πραγματιστική ανάλυση θεσμών και πρακτικών ως τη φουτουριστική τεχνολογική επαγγελία. Εισαγωγή, Τίποτε το Νέπ, Η Σημασία της Επικοινωνίας, Σκέψεις για την Επικοινωνία και την Κουλτούρα, Η Δομή και η Λειτουργία της Επικοινωνίας στην Κοινωνία, Οι Δύο Βαθμίδες στη Ροή της Επικοινωνίας, ''Η Μαζική Πειθώ δεν Αρκεί'', Ορισμένες Πολιτισμικές Προσεγγίσεις στα Προβλήματα Επικοινωνίας, Τι θα Πει ο Κόσμος, Η Φύση των Ειδήσεων, Το Επιμελημένο Εξωτερικό, Από την Συλλογή Ειδήσεων στην Κατασκευή Ειδήσεων: Ένας Κατακλυσμός Ψευδογεγονότων, Παγωμένος Χρόνος, Αλλαγλή της Πολιτικής Λειτουργίας της Δημοσιότητας: Από τη Συγγραφική Δημοσιογραφία στα Μαζικά Μέσα, Η Σύντομη και Ασύνδετη Πληροφορία, Το Ραδιόφωνο ως Μηχανισμός Επικοινωνίας/ Λόγος για τη Λειτουργία του Ραδιοφώνου, T.V./ I.Q.,Το Ευμετάβλητο των Ερμηνειών, Η Ευαισθησία υπό την Τεχνοκρατία: Σκέψεις για την Κουλτούρα των Κατεργασμένων, Τίτλοι και Πηγές Πρωτοτύπων.
700 1# - ΠΡΟΣΘΕΤΗ ΑΝΑΓΡΑΦΗ--ΦΥΣΙΚΟ ΠΡΟΣΩΠΟ
Personal name Boorstin Daniel J.
9 (RLIN) 3015
700 1# - ΠΡΟΣΘΕΤΗ ΑΝΑΓΡΑΦΗ--ΦΥΣΙΚΟ ΠΡΟΣΩΠΟ
Personal name Brecht Berolt
9 (RLIN) 3016
700 1# - ΠΡΟΣΘΕΤΗ ΑΝΑΓΡΑΦΗ--ΦΥΣΙΚΟ ΠΡΟΣΩΠΟ
Personal name Cooley Charles H
9 (RLIN) 3017
700 1# - ΠΡΟΣΘΕΤΗ ΑΝΑΓΡΑΦΗ--ΦΥΣΙΚΟ ΠΡΟΣΩΠΟ
Personal name Habermas Jurgen
9 (RLIN) 499
700 1# - ΠΡΟΣΘΕΤΗ ΑΝΑΓΡΑΦΗ--ΦΥΣΙΚΟ ΠΡΟΣΩΠΟ
Personal name Katz Elihu
9 (RLIN) 3018
700 1# - ΠΡΟΣΘΕΤΗ ΑΝΑΓΡΑΦΗ--ΦΥΣΙΚΟ ΠΡΟΣΩΠΟ
Personal name Lasswell Harold D
9 (RLIN) 3019
700 1# - ΠΡΟΣΘΕΤΗ ΑΝΑΓΡΑΦΗ--ΦΥΣΙΚΟ ΠΡΟΣΩΠΟ
Personal name Lippmann Walter
9 (RLIN) 3020
700 1# - ΠΡΟΣΘΕΤΗ ΑΝΑΓΡΑΦΗ--ΦΥΣΙΚΟ ΠΡΟΣΩΠΟ
Personal name Mcluhan Marshall
9 (RLIN) 596
700 1# - ΠΡΟΣΘΕΤΗ ΑΝΑΓΡΑΦΗ--ΦΥΣΙΚΟ ΠΡΟΣΩΠΟ
Personal name Mead Margaret
9 (RLIN) 3021
700 1# - ΠΡΟΣΘΕΤΗ ΑΝΑΓΡΑΦΗ--ΦΥΣΙΚΟ ΠΡΟΣΩΠΟ
Personal name Park Robert E
9 (RLIN) 3022
700 1# - ΠΡΟΣΘΕΤΗ ΑΝΑΓΡΑΦΗ--ΦΥΣΙΚΟ ΠΡΟΣΩΠΟ
Personal name Widmer Kingley
9 (RLIN) 3023
942 ## - ADDED ENTRY ELEMENTS (KOHA)
Koha item type Books
Holdings
Τύπος τεκμηρίου Βιβλιοθήκη Τρέχουσα τοποθεσία Barcode Αριθμός εισαγωγής Ημερομηνία απόκτησης Ταξιθετικό σύμβολο Αριθμός αντιτύπου Κατάσταση απόσυρσης Κατάσταση χαμένου Κατάσταση κατεστραμμένου Μη δανεισμός Σύνολο δανεισμών Ημερομηνία τελευταίας εμφάνισης Η τιμή ισχύει από
Books MC Athens Campus Library MC Athens Campus Library 9780000023681 5582 05/06/2025 302.23 COO 1           05/06/2025 05/06/2025

MC Athens Campus Library
Πατησίων 94 & Κοδριγκτώνος 13, 104 34
Πελλήνης 8 & Πατησίων 107, 112 51
Τ: +30 210 8899600

MC Thessaloniki Campus Library
Ίωνος Δραγούμη 21, 54625 | Ίωνος Δραγούμη 15, 54625
Τ: +30 2310 287779 – Τ: +30 2314 440300